00842nam a22002417a 450000500170000001000130001702000100003003500130004003700160005304000120006908200180008110000230009924500590012226000480018127000450022930000200027450000520029465000300034665000310037694200270040799900190043495201470045320170124110035.0 aA-245058 c00.00 aA-245058 bCen Lib/Ret aDPLbEN a335.0954bSIN aSingh, Usha922572 aEconomic thought of Indian socialists /cby Usha Singh aNew DelhibDeep and Deep Publicationsc1985 bNew DelhiaF-159, Rajouri Gardene110027 a260p.c22cm(Hb) aIncludes bibliographical references and index  aSocialism -- India921826 aSocialists -- India922573 2ddccENh335.0954mSIN c128163d128163 04104070aLbLd2015-07-01eCen Lib/Retg0.00l0o335.0954 SINpA-245058r2015-07-01 00:00:00t1v0.00w2015-07-01yENzW/d list no. 6819/16